00610nam a2200217Ia 450000500170000000800410001702000110005804000190006904100120008808200130010010000180011324500840013125000150021526000440023030000310027450400190030565000200032465100150034470000230035985000100038220220727111938.0131103s9999 xx 000 0 und d cRs. 11 aLoreto College aEnglish a548bWAD aWade,F. Alton aElements of crystallography and mineralogycF. Alton Wade and Richard B. Mattox aIndian ed. aCalcuttabOxford & IBM Publishingc1969 axiv,332 p.b ill., figures aIncludes index aCrystallography aMineralogy aMattox, Richard B. aLCLIB